|
|
|
|
| LEADER |
01567nam a2200397 a 4500 |
| 001 |
EBC144772 |
| 003 |
MiAaPQ |
| 005 |
20200520144314.0 |
| 006 |
m o d | |
| 007 |
cr cn||||||||| |
| 008 |
010427s2000 enkabf sb 001 0 eng d |
| 010 |
|
|
|z 2001268297
|
| 015 |
|
|
|a GBA0-73658
|
| 020 |
|
|
|z 0521782546
|
| 035 |
|
|
|a (MiAaPQ)EBC144772
|
| 035 |
|
|
|a (Au-PeEL)EBL144772
|
| 035 |
|
|
|a (CaPaEBR)ebr2000871
|
| 035 |
|
|
|a (CaONFJC)MIL15477
|
| 035 |
|
|
|a (OCoLC)437072995
|
| 040 |
|
|
|a MiAaPQ
|c MiAaPQ
|d MiAaPQ
|
| 050 |
|
4 |
|a HB3585
|b .W66 2000
|
| 082 |
0 |
4 |
|a 304.6/0942/09034
|2 21
|
| 100 |
1 |
|
|a Woods, Robert.
|
| 245 |
1 |
4 |
|a The demography of Victorian England and Wales
|h [electronic resource] /
|c Robert Woods.
|
| 260 |
|
|
|a Cambridge ;
|a New York :
|b Cambridge University Press,
|c 2000.
|
| 300 |
|
|
|a xxv, 447 p., [16] p. of plates :
|b ill., maps (some col.).
|
| 490 |
1 |
|
|a Cambridge studies in population, economy, and society in past time ;
|v 35
|
| 504 |
|
|
|a Includes bibliographical references (p. 411-439) and index.
|
| 533 |
|
|
|a Electronic reproduction. Ann Arbor, MI : ProQuest, 2015. Available via World Wide Web. Access may be limited to ProQuest affiliated libraries.
|
| 651 |
|
0 |
|a England
|x Population.
|
| 651 |
|
0 |
|a Wales
|x Population.
|
| 651 |
|
0 |
|a Great Britain
|x History
|y 19th century.
|
| 655 |
|
4 |
|a Electronic books.
|
| 710 |
2 |
|
|a ProQuest (Firm)
|
| 830 |
|
0 |
|a Cambridge studies in population, economy, and society in past time ;
|v 35.
|
| 856 |
4 |
0 |
|u https://ebookcentral.proquest.com/lib/matrademy/detail.action?docID=144772
|z Click to View
|